Vai trò của những nữ thân tộc triều Lê Trung hưng với việc ban cấp tạo lệ nhìn từ tư liệu văn bia /
שמור ב:
| מחבר ראשי: | |
|---|---|
| פורמט: | Bài viết |
| שפה: | Vietnamese |
| נושאים: | |
| תגים: |
הוספת תג
אין תגיות, היה/י הראשונ/ה לתייג את הרשומה!
|
| Thư viện lưu trữ: | Thư viện Trường Đại học Đà Lạt |
|---|
| LEADER | 00900nam a2200289 4500 | ||
|---|---|---|---|
| 001 | DLU180186480 | ||
| 005 | ##20180828 | ||
| 040 | # | # | |a DLU |b vie |
| 041 | # | # | |a vie |
| 044 | # | # | |a vn |
| 100 | # | # | |a Vũ Thị Lan Anh. |
| 245 | # | # | |a Vai trò của những nữ thân tộc triều Lê Trung hưng với việc ban cấp tạo lệ nhìn từ tư liệu văn bia / |c Vũ Thị Lan Anh. |
| 653 | # | # | |a Cống hiến |
| 653 | # | # | |a Nữ thân tộc triều đình |
| 653 | # | # | |a Tạo lệ |
| 653 | # | # | |a Tư liệu |
| 653 | # | # | |a Thời Lê Trung hưng |
| 653 | # | # | |a Văn bia |
| 773 | # | # | |t Tạp chí Hán Nôm |g Số 4(143), 2017, tr. 57-69 |
| 920 | # | # | |a Phòng Tạp chí -- Trung tâm Thông tin - Thư viện Trường Đại học Đà Lạt |
| 900 | # | # | |a True |
| 911 | # | # | |a Hoàng Thị Huyền |
| 925 | # | # | |a G |
| 926 | # | # | |a A |
| 927 | # | # | |a BB |
| 980 | # | # | |a Thư viện Trường Đại học Đà Lạt |